000 02159nam a2200241Ia 4500
000 03327naaa 00493uu
001 https://directory.doabooks.org/handle/20.500.12854/71499
005 20260218105628.0
008 211013s9999 xx 000 0 und d
020 _a9781776146994
024 _a10.18772/22021086994
042 _adc
245 0 _aDestroying Democracy : Neoliberal capitalism and the rise of authoritarian politics
260 _aJohannesburg
_bWits University Press
_c2021
300 _a1 electronic resource (248 p.)
520 _aDestroying Democracy, volume six of the Democratic Marxism series, focuses on how decades of neoliberal capitalism have eroded the global democratic project and how, in the process, rising authoritarianism is expressing itself in divisive and exclusionary politics, populist political parties and movements, increased distrust in fact-based information and news, and the withering accountability of state institutions. Over the last four decades, democracy has radically shifted to a market democracy in which all aspects of human, non-human and planetary life are commodified and corporations have become more powerful than states and their citizens. This is how neoliberal capitalism functions at a systemic level and if left unchecked is the greatest threat to democracy and a sustainable planet. The authors home in on four country cases - India, Brazil, South Africa and the United States of America to interrogate issues of politics, ecology, state security, media, access to information and political parties, and affirm the need to reclaim and re-build an expansive and inclusive democracy. The book is an invaluable resource for all who are interested in understanding the threats to democracy and the rising tide of authoritarianism in the global south and the global north.
540 _aCreative Commons
653 _aneoliberal capitalism
700 1 _aDuncan, Jane
856 _uhttps://docs.google.com/spreadsheets/d/1yKIrdCPDAG_9c22mwoOIO2DOhtj65Wqa/edit?usp=sharing&ouid=106555315294820607512&rtpof=true&sd=true
_yList of Curated E-Books
942 _cE-BOOK
999 _c46345
_d46345